000
00298nam a22001097a 4500
008
160620b xxu||||| |||| 00| 0 eng d
100
_9
85
_a
Smallman, S
245
_a
Postman Pat's Discovery
_b
Postman Pat's Discovery
260
_a
G.Britain.Octopus Book.Ltd
_c
1986
300
_a
Discovery
942
_2
ddc
_c
BK
999
_c
69
_d
69